Les 10 pays du monde ayant le plus de musulmans - Statistiques

Statistiques générales
  • Ce quiz a été pris 1 511 fois
  • Le résultat moyen est 7 sur 10
Statistiques - réponses
Population Réponse % Correct
38,610,000 Algérie
90%
204,847,000 Indonésie
82%
178,097,000 Pakistan
77%
177,286,000 Inde
76%
70,024,000 Égypte
75%
74,819,000 Iran
74%
74,660,000 Turquie
73%
148,607,000 Bangladesh
56%
75,728,000 Nigéria
53%
34,206,000 Soudan
44%
Aucun quiz correspondant
Distribution des résultats
% des personnes avec chaque résultat
Percentile par nombre de réponses
Votre historique - résultats
Vous n’avez pas pris ce quiz